000 00703nam a2200193 i 4500
001 189860
003 ES-MaACL
005 20230906223555.0
008 191212s1969 sp |||| | spa d
100 0 _aZenetti, Lothar.
_9118179
245 1 0 _aReligión y música moderna
_b: jazz, spirituals, cantos beats y canciones modernas en la iglesia /
_cLothar Zanetti ; traducción del alemán por traducciones Diorki.
260 _aMadrid :
_bStvdivm,
_c[1969]
300 _a290 p. ;
_c18 cm.
490 1 _aColección "Liturgia". Serie B ;
_v19
650 4 _aCantos religiosos.
_9144783
830 0 _aColección "Liturgia". Serie B ;
_v19
_9193441
852 _aES-MaACL
_jP-1182-8
999 _c189860
_d189860